00617nam a2200205Ia 4500003000400000005001700004008004100021020001900062040000700081041000800088082001600096100002000112245004000132260004500172300000900217650002200226942001300248999001900261952013100280OSt20250926122425.0250729s2005 xx 000 0 und d a978-8171698929 cAL aeng a371.26 SMIH aSmith D9222789 aHistory of measurment and education aNew DelhibCommonwealth Publishersc2005 a374p aEducation9222790 2ddccBED c235611d235611 00104070aALbALd2025-07-29eSita Book Houseg190.00l0o371.26 SMIHpBED00930r2025-07-29 16:54:09v190.00w2025-07-29yBK